L´impact de la publicité sur le comportement d´achat du consommateur, en Slovaquie et en France diplomová práca

Salvato in:
Dettagli Bibliografici
Autore principale: Jovanovičová, Ivana
Ente Autore: Ekonomická univerzita v Bratislave. Ústav medzinárodných programov
Altri autori: Chebeň, Juraj
Natura: Libro
Lingua:francese
Pubblicazione: Bratislava 2011
Tags: Aggiungi Tag
Nessun Tag, puoi essere il primo ad aggiungerne!!

MARC

LEADER 00000nam a2200000 4500
001 0150008
005 20240318114926.7
041 0 |a fre 
044 |a SK 
245 1 0 |a L´impact de la publicité sur le comportement d´achat du consommateur, en Slovaquie et en France  |b diplomová práca  |c Ivana Jovanovičová ; školiteľ: Juraj Chebeň 
264 1 |a Bratislava  |c 2011 
300 |a 83 s. 
100 1 |a Jovanovičová, Ivana 
700 1 |a Chebeň, Juraj 
710 2 |a Ekonomická univerzita v Bratislave. Ústav medzinárodných programov